000 00582nam a2200205Ia 4500
005 20250508160557.0
008 008 250505s9999 xx 000 0 eng d
037 _aTextual
040 _aFEDL
_beng
_cFEDL
041 _aeng
_2eng
084 _a150, KEL
_qFEDL
100 _aKeller Fred S
245 0 _aDefinition of psychology: An introduction to psychological systems
260 _aNew York, USA
_bAppleton-Century-Crofts
_c1965
300 _avi,111p.
365 _aUSD
_b1.35
650 _aPsychology
942 _cTEXL
_h150, KEL
999 _c1365419
_d1365419